logo

Bir Sreshtho Munshi Abdur Rouf Library
Jhenaidah Cadet College

সবার জন্য নন্দনতত্ত্ব / (Record no. 10337)

MARC details
000 -LEADER
fixed length control field 03446nam a2200241 a 4500
001 - CONTROL NUMBER
JCCL Control Number 10337
003 - CONTROL NUMBER IDENTIFIER
JCCL marc code BD-JhCC
005 - DATE AND TIME OF LATEST TRANSACTION
control field 20180523102420.0
008 - FIXED-LENGTH DATA ELEMENTS--GENERAL INFORMATION
fixed length control field 180424s20042017bg |||| |||| 001 0 ben d
020 ## - INTERNATIONAL STANDARD BOOK NUMBER
International Standard Book Number 9789848088364
035 ## - SYSTEM CONTROL NUMBER
system control number (BD-JhCC)10337
040 ## - CATALOGING SOURCE
Original cataloging agency BD-JhCC
Modifying agency BD-JhCC
041 ## - LANGUAGE CODE
Language code of Book ben
082 ## - DEWEY DECIMAL CLASSIFICATION NUMBER
Classification number 111.85
Author mark and Year HAY 2017
100 ## - MAIN ENTRY--PERSONAL NAME
Personal name হাই, হাসনাত আবদুল
245 ## - TITLE STATEMENT
Title সবার জন্য নন্দনতত্ত্ব /
Statement of responsibility, etc হাসনাত আবদুল হাই
260 ## - PUBLICATION, DISTRIBUTION, ETC. (IMPRINT)
Place of publication, distribution, etc ঢাকা :
Name of publisher, distributor, etc সন্দেশ,
Date of publication, distribution, etc 2017
300 ## - PHYSICAL DESCRIPTION
Pagination ৩৬৮ পৃ. :
Dimensions ২০ সেমি.
500 ## - GENERAL NOTE
General note হাসনাত আবদুল হাই :<br/><br/>জন্ম ১৯৩৯ সালের সেপ্টেম্বরে, কলকাতায় । পৈত্রিক নিবাস ব্রাহ্মণবাড়িয়া জেলার কসবা থানার সৈয়দাবাদ গ্রামে।<br/>স্কুল শিক্ষা কলকাতা, যশোর, ফরিদপুর শহরে। কলেজ শিক্ষা ঢাকায়। ঢাকা বিশ্ববিদ্যালয়, ওয়াশিংটন বিশ্ববিদ্যালয়, লন্ডন স্কুল অব ইকনোমিকস এবং ক্যামব্রিজ বিশ্ববিদ্যালয়ে অর্থনীতি বিষয়ে স্নাতক এবং স্নাতকোত্তর শিক্ষা লাভের পর ঢাকা বিশ্ববিদ্যালয়ের অর্থনীতি বিভাগে শিক্ষকতা । ১৯৬৫ সালে সিভিল সার্ভিসে যোগদানের পর প্রাক্তন পাকিস্তান সরকার এবং পরবর্তীকালে বাংলাদেশ সরকারের অধীনে বিভিন্ন পদে দায়িত্ব পালন করেন এবং সচিব পদ থেকে অবসর গ্রহণ করেন। হাসনাত আবদুল হাই ছাত্র জীবন থেকে সাহিত্যচর্চা শুরু করেন। ১৯৫৮ সালে ছোটগল্প রচনার মাধ্যমে। ছোটগল্প, উপন্যাস, ভ্রমণ-কাহিনী, শিল্প ও সাহিত্য সমালোচনা এবং নাটক এই সব শাখায় স্বচ্ছন্দে বিচরণ করেছেন চার দশকের অধিককাল ।বাংলা এবং ইংরেজিতে একটি কবিতার বই লিখেছেন জাপানে প্ৰবাস জীবনে। প্ৰকাশিত ছোটগল্প গ্রন্থের সংখ্যা পাঁচ, উপন্যাস পঁচিশ এবং ভ্ৰমণ-কাহিনী ছয় । সাহিত্যে অবদানের জন্য পেয়েছেন অলক্ত পুরস্কার, মোহাম্মদ আকরম খাঁ বাংলা একাডেমী পুরস্কার এবং একুশে পদক।
504 ## - BIBLIOGRAPHY, ETC. NOTE
Bibliography, etc Includes index.
650 ## - SUBJECT ADDED ENTRY--TOPICAL TERM
Topical term or geographic name as entry element Aesthetics
942 ## - ADDED ENTRY ELEMENTS (KOHA)
Source of classification or shelving scheme Dewey Decimal Classification
Koha item type Books
Holdings
Source of classification or shelving scheme Damaged status Not for loan Home library Current library Shelving location Date of accession Cost, normal purchase price Total Checkouts Full call number Barcode Date last seen Copy number Koha item type
Dewey Decimal Classification     JCC Rouf Library JCC Rouf Library General Stacks 04/24/2018 570.00   111.85 HAY 2017 13655 04/24/2018 C-1 Books
Dewey Decimal Classification     JCC Rouf Library JCC Rouf Library General Stacks 04/24/2018 570.00   111.85 HAY 2017 13654 04/24/2018 C-2 Books

JCC Library | Contacts | JCC Home

Last Update on 23 September 2017
Copyright @ 2017-2020 JCC Rouf Library
Rouf Library, Jhenidah Cadet College (JCC), Bangladesh